| 000 | 00863nam a22002177a 4500 | ||
|---|---|---|---|
| 999 |
_c11436 _d11436 |
||
| 003 | AR-CdUCM | ||
| 008 | 190404b ||||| |||| 00| 0 spa d | ||
| 040 |
_aMUNICIPALIDAD PROVINCIAL DEL CUSCO _cBIBLIOTECA MUNICIPAL DEL CUSCO |
||
| 082 |
_aC / 325.260 / _bQ6 |
||
| 100 |
_aQuijada Jara, Sergio _917558 |
||
| 245 | _aLa tradicional fiesta de la virgen de la Natividad o de Cocharcas / | ||
| 260 |
_aHuancayo : _bAtlantida, _c1947. |
||
| 300 |
_a21 pƔginas ; _c21 cm. _e+ 1 hoja de notas musicales |
||
| 505 | _aContenido: Algunos milagros que atribuye la gente a la virgen de Cocharcas -- Desarrollo de la Fiesta -- Descripción de las pandillas de bailantes de los Carachaquis... | ||
| 650 |
_aCocharcas. _928795 |
||
| 650 |
_aVirgen Natividad. _928796 |
||
| 650 |
_aFolklore. _91081 |
||
| 650 |
_aTradiciones. _9229 |
||
| 942 |
_2ddc _cLIBROS |
||
| 945 | _awfj | ||